00858nam a2200193 a 450000100100000000500170001000800410002704000250006808200150009310000320010824500760014026000450021630000310026104900090029295201140030195201130041595201190052899900170064700002094920200930011210.0100824s1986 dr c 000 0 spa d aDO-SdBNPbspacBNPHU axxxbS939r1 aSuárez, R. Angeles94388210aRepública Dominicana :bantesala de la crisis /cR. Angeles Suárez. aSanto Domingo :bAmigo del Hogar,c1986. a295 p. :bretrs. ;c22 cm. aBNPD 00107-18PDaGRbGRcOId2019-08-12iLF1l0oxxx S939rp20949-30r2020-06-25w2020-06-25yLFPDZNo se presta 0010718PDaPDbPDcCTd2010-08-24iLF1l0oxxx S939rp20949-10r2020-06-25w2020-06-25yLFPDZNo se presta 0010718PDaPDbPDcCTd2013-05-27iLF1l0oxxx S939rp20949-20r2020-06-25te. 2w2020-06-25yLFPDZNo se presta c20452d20452